[Event "N1 Reykjavik Open 2014"]
[Site "Reykjavik, Iceland"]
[Date "2014.03.09"]
[Round "7.7"]
[White "Ramirez, Alejandro"]
[Black "Lie, Espen"]
[Result "1/2-1/2"]
[WhiteElo "2599"]
[BlackElo "2456"]
[LiveChessVersion "1.4.2"]

1. Nf3 
    {[%clk 1:30:52]}
1. ... Nf6 
    {[%clk 1:30:44]}
2. c4 
    {[%clk 1:31:13]}
2. ... g6 
    {[%clk 1:30:49]}
3. g3 
    {[%clk 1:31:14]}
3. ... Bg7 
    {[%clk 1:31:09]}
4. Bg2 
    {[%clk 1:31:38]}
4. ... O-O 
    {[%clk 1:31:25]}
5. O-O 
    {[%clk 1:31:49]}
5. ... d6 
    {[%clk 1:31:19]}
6. d4 
    {[%clk 1:32:02]}
6. ... c6 
    {[%clk 1:31:18]}
7. Nc3 
    {[%clk 1:32:23]}
7. ... Qa5 
    {[%clk 1:30:33]}
8. e4 
    {[%clk 1:32:44]}
8. ... e5 
    {[%clk 1:30:30]}
9. h3 
    {[%clk 1:31:06]}
9. ... Nbd7 
    {[%clk 1:29:52]}
10. Re1 
    {[%clk 1:31:14]}
10. ... exd4 
    {[%clk 1:27:08]}
11. Nxd4 
    {[%clk 1:31:32]}
11. ... Ne5 
    {[%clk 1:27:26]}
12. Bf1 
    {[%clk 1:31:48]}
12. ... Re8 
    {[%clk 1:27:06]}
13. Be3 
    {[%clk 1:29:27]}
13. ... Be6 
    {[%clk 1:22:19]}
14. Nxe6 
    {[%clk 1:29:06]}
14. ... Rxe6 
    {[%clk 1:22:21]}
15. Kg2 
    {[%clk 1:29:08]}
15. ... Ned7 
    {[%clk 1:18:20]}
16. f3 
    {[%clk 1:10:36]}
16. ... Rae8 
    {[%clk 1:08:40]}
17. Qd2 
    {[%clk 1:09:36]}
17. ... a6 
    {[%clk 1:07:49]}
18. Rab1 
    {[%clk 1:06:29]}
18. ... h5 
    {[%clk 1:03:04]}
19. Ne2 
    {[%clk 0:50:19]}
19. ... Qc7 
    {[%clk 0:54:53]}
20. Rbd1 
    {[%clk 0:47:20]}
20. ... Ne5 
    {[%clk 0:48:09]}
21. Nf4 
    {[%clk 0:44:56]}
21. ... R6e7 
    {[%clk 0:44:37]}
22. Qxd6 
    {[%clk 0:42:53]}
22. ... Qc8 
    {[%clk 0:42:44]}
23. Bb6 
    {[%clk 0:27:32]}
23. ... Rd7 
    {[%clk 0:31:00]}
24. Qb4 
    {[%clk 0:26:10]}
24. ... g5 
    {[%clk 0:22:13]}
25. Nd3 
    {[%clk 0:26:21]}
25. ... g4 
    {[%clk 0:21:11]}
26. Nxe5 
    {[%clk 0:26:00]}
26. ... Rxe5 
    {[%clk 0:21:31]}
27. hxg4 
    {[%clk 0:25:18]}
27. ... hxg4 
    {[%clk 0:21:52]}
28. Be2 
    {[%clk 0:25:04]}
28. ... c5 
    {[%clk 0:18:40]}
29. Qa4 
    {[%clk 0:24:32]}
29. ... Re6 
    {[%clk 0:12:35]}
30. Ba5 
    {[%clk 0:23:12]}
30. ... Rxd1 
    {[%clk 0:12:55]}
31. Qxd1 
    {[%clk 0:22:39]}
31. ... Qc6 
    {[%clk 0:10:36]}
32. Bc3 
    {[%clk 0:12:29]}
32. ... Nxe4 
    {[%clk 0:08:45]}
33. Bxg7 
    {[%clk 0:12:25]}
33. ... Kxg7 
    {[%clk 0:08:27]}
34. Qd5 
    {[%clk 0:12:40]}
34. ... Nf6 
    {[%clk 0:04:57]}
35. Qxc6 
    {[%clk 0:12:40]}
35. ... Rxc6 
    {[%clk 0:04:31]}
36. fxg4 
    {[%clk 0:12:35]}
36. ... Re6 
    {[%clk 0:04:46]}
37. Kf1 
    {[%clk 0:11:30]}
37. ... Kh6 
    {[%clk 0:01:49]}
38. Rd1 
    {[%clk 0:11:36]}
38. ... Kg5 
    {[%clk 0:01:37]}
39. Bf3 
    {[%clk 0:07:11]}
39. ... b6 
    {[%clk 0:01:26]}
40. Rd8 
    {[%clk 0:37:35]}
40. ... Nxg4 
    {[%clk 0:31:06]}
41. Bd5 
    {[%clk 0:20:41]}
1/2-1/2

[Event "N1 Reykjavik Open 2014"]
[Site "Reykjavik, Iceland"]
[Date "2014.03.09"]
[Round "7.8"]
[White "Djurhuus, Rune"]
[Black "Hansen, Eric"]
[Result "0-1"]
[WhiteElo "2447"]
[BlackElo "2587"]
[LiveChessVersion "1.4.2"]

1. d4 
    {[%clk 1:24:19]}
1. ... Nf6 
    {[%clk 1:30:25]}
2. c4 
    {[%clk 1:23:50]}
2. ... g6 
    {[%clk 1:30:40]}
3. Nc3 
    {[%clk 1:24:15]}
3. ... d5 
    {[%clk 1:31:05]}
4. Qb3 
    {[%clk 1:24:20]}
4. ... dxc4 
    {[%clk 1:31:09]}
5. Qxc4 
    {[%clk 1:24:44]}
5. ... Be6 
    {[%clk 1:19:25]}
6. Qb5+ 
    {[%clk 1:25:08]}
6. ... Bd7 
    {[%clk 1:19:51]}
7. Qb3 
    {[%clk 1:25:33]}
7. ... c5 
    {[%clk 1:19:16]}
8. d5 
    {[%clk 1:23:24]}
8. ... b5 
    {[%clk 1:09:46]}
9. Nxb5 
    {[%clk 1:20:00]}
9. ... Na6 
    {[%clk 1:06:40]}
10. Nc3 
    {[%clk 1:19:25]}
10. ... Rb8 
    {[%clk 1:04:24]}
11. Qd1 
    {[%clk 1:18:27]}
11. ... Qa5 
    {[%clk 1:04:37]}
12. f3 
    {[%clk 1:17:18]}
12. ... Bg7 
    {[%clk 1:03:20]}
13. e4 
    {[%clk 1:17:44]}
13. ... Nc7 
    {[%clk 1:00:24]}
14. Kf2 
    {[%clk 1:17:34]}
14. ... c4 
    {[%clk 0:58:21]}
15. g3 
    {[%clk 1:17:39]}
15. ... O-O 
    {[%clk 0:53:18]}
16. Kg2 
    {[%clk 1:15:27]}
16. ... Nfe8 
    {[%clk 0:48:11]}
17. Qd2 
    {[%clk 0:57:18]}
17. ... Nd6 
    {[%clk 0:44:20]}
18. Nh3 
    {[%clk 0:57:28]}
18. ... f5 
    {[%clk 0:43:29]}
19. Nf2 
    {[%clk 0:57:47]}
19. ... Ncb5 
    {[%clk 0:30:43]}
20. Nxb5 
    {[%clk 0:56:18]}
20. ... Qxb5 
    {[%clk 0:31:02]}
21. e5 
    {[%clk 0:54:23]}
21. ... Bxe5 
    {[%clk 0:30:44]}
22. Nd1 
    {[%clk 0:54:48]}
22. ... f4 
    {[%clk 0:18:05]}
23. Nc3 
    {[%clk 0:49:34]}
23. ... Qb7 
    {[%clk 0:17:36]}
24. g4 
    {[%clk 0:47:39]}
24. ... Bxg4 
    {[%clk 0:15:49]}
25. fxg4 
    {[%clk 0:47:08]}
25. ... f3+ 
    {[%clk 0:16:10]}
26. Kh3 
    {[%clk 0:46:49]}
26. ... Qd7 
    {[%clk 0:15:30]}
27. Qg5 
    {[%clk 0:43:11]}
27. ... Nf7 
    {[%clk 0:13:39]}
28. Qh4 
    {[%clk 0:38:20]}
28. ... h5 
    {[%clk 0:11:42]}
0-1

[Event "N1 Reykjavik Open 2014"]
[Site "Reykjavik, Iceland"]
[Date "2014.03.09"]
[Round "7.9"]
[White "Stefansson, Hannes"]
[Black "Porper, Edward"]
[Result "1/2-1/2"]
[WhiteElo "2541"]
[BlackElo "2427"]
[LiveChessVersion "1.4.2"]

1. d4 
    {[%clk 1:25:51]}
1. ... Nf6 
    {[%clk 1:30:58]}
2. c4 
    {[%clk 1:25:51]}
2. ... e6 
    {[%clk 1:31:26]}
3. Nf3 
    {[%clk 1:25:57]}
3. ... Bb4+ 
    {[%clk 1:31:54]}
4. Bd2 
    {[%clk 1:25:57]}
4. ... a5 
    {[%clk 1:32:22]}
5. g3 
    {[%clk 1:25:13]}
5. ... d6 
    {[%clk 1:32:45]}
6. Bg2 
    {[%clk 1:25:13]}
6. ... Nbd7 
    {[%clk 1:33:13]}
7. O-O 
    {[%clk 1:24:57]}
7. ... e5 
    {[%clk 1:33:30]}
8. Bc3 
    {[%clk 1:16:41]}
8. ... Qe7 
    {[%clk 1:33:30]}
9. a3 
    {[%clk 1:16:29]}
9. ... Bxc3 
    {[%clk 1:33:53]}
10. Nxc3 
    {[%clk 1:16:51]}
10. ... c6 
    {[%clk 1:31:03]}
11. d5 
    {[%clk 1:15:20]}
11. ... c5 
    {[%clk 1:29:54]}
12. Nd2 
    {[%clk 1:10:09]}
12. ... O-O 
    {[%clk 1:27:11]}
13. Qc2 
    {[%clk 1:10:19]}
13. ... Ne8 
    {[%clk 1:19:09]}
14. Rab1 
    {[%clk 1:05:09]}
14. ... f5 
    {[%clk 1:16:56]}
15. b4 
    {[%clk 1:04:18]}
15. ... axb4 
    {[%clk 1:10:31]}
16. axb4 
    {[%clk 1:04:40]}
16. ... b6 
    {[%clk 1:09:02]}
17. bxc5 
    {[%clk 1:04:18]}
17. ... bxc5 
    {[%clk 1:09:27]}
18. Ra1 
    {[%clk 1:01:04]}
18. ... Rxa1 
    {[%clk 1:09:44]}
19. Rxa1 
    {[%clk 1:01:28]}
19. ... e4 
    {[%clk 1:09:43]}
20. Nb3 
    {[%clk 0:52:54]}
20. ... Ne5 
    {[%clk 1:04:53]}
21. Nb5 
    {[%clk 0:52:51]}
21. ... h5 
    {[%clk 1:03:04]}
22. Ra7 
    {[%clk 0:51:59]}
22. ... Qf6 
    {[%clk 1:03:05]}
23. Nd2 
    {[%clk 0:43:23]}
23. ... h4 
    {[%clk 1:01:56]}
24. Qc3 
    {[%clk 0:41:42]}
24. ... hxg3 
    {[%clk 0:58:56]}
25. hxg3 
    {[%clk 0:42:06]}
25. ... Bd7 
    {[%clk 0:54:16]}
26. f4 
    {[%clk 0:39:25]}
26. ... exf3 
    {[%clk 0:52:32]}
27. Nxf3 
    {[%clk 0:39:21]}
27. ... Bxb5 
    {[%clk 0:51:45]}
28. cxb5 
    {[%clk 0:36:09]}
28. ... Nxf3+ 
    {[%clk 0:51:58]}
29. Qxf3 
    {[%clk 0:36:35]}
29. ... Qd4+ 
    {[%clk 0:51:10]}
30. e3 
    {[%clk 0:36:25]}
30. ... Qb4 
    {[%clk 0:48:52]}
31. Bf1 
    {[%clk 0:32:25]}
31. ... c4 
    {[%clk 0:45:52]}
32. Rb7 
    {[%clk 0:29:36]}
32. ... Qc5 
    {[%clk 0:42:27]}
33. Bh3 
    {[%clk 0:28:18]}
33. ... Qc8 
    {[%clk 0:27:25]}
34. Rb6 
    {[%clk 0:27:48]}
34. ... Qc5 
    {[%clk 0:23:50]}
35. Rc6 
    {[%clk 0:28:06]}
35. ... Qxb5 
    {[%clk 0:24:07]}
36. Bxf5 
    {[%clk 0:27:00]}
36. ... Qb1+ 
    {[%clk 0:23:46]}
37. Bxb1 
    {[%clk 0:27:23]}
37. ... Rxf3 
    {[%clk 0:24:09]}
38. Kg2 
    {[%clk 0:27:20]}
38. ... Rxe3 
    {[%clk 0:24:34]}
39. Bg6 
    {[%clk 0:27:36]}
39. ... Kf8 
    {[%clk 0:22:40]}
40. Rc8 
    {[%clk 0:57:06]}
40. ... c3 
    {[%clk 0:51:09]}
41. g4 
    {[%clk 0:54:57]}
41. ... Re5 
    {[%clk 0:49:13]}
42. Kg3 
    {[%clk 0:54:41]}
42. ... c2 
    {[%clk 0:47:42]}
43. Kh4 
    {[%clk 0:52:17]}
43. ... c1=Q 
    {[%clk 0:44:24]}
44. Rxc1 
    {[%clk 0:49:57]}
44. ... Rxd5 
    {[%clk 0:44:00]}
45. g5 
    {[%clk 0:49:48]}
45. ... Re5 
    {[%clk 0:42:38]}
46. Rc8 
    {[%clk 0:45:54]}
46. ... Re1 
    {[%clk 0:39:54]}
47. Ra8 
    {[%clk 0:45:52]}
47. ... Re5 
    {[%clk 0:39:39]}
48. Kg4 
    {[%clk 0:45:36]}
48. ... Re1 
    {[%clk 0:39:40]}
49. Kf4 
    {[%clk 0:45:40]}
49. ... Re5 
    {[%clk 0:39:22]}
50. Bh5 
    {[%clk 0:40:14]}
50. ... Re1 
    {[%clk 0:29:08]}
51. Kf5 
    {[%clk 0:40:12]}
51. ... Re5+ 
    {[%clk 0:28:40]}
52. Kg6 
    {[%clk 0:40:17]}
52. ... Ke7 
    {[%clk 0:28:03]}
53. Bg4 
    {[%clk 0:37:20]}
53. ... d5 
    {[%clk 0:26:00]}
54. Ra7+ 
    {[%clk 0:37:45]}
54. ... Kd6 
    {[%clk 0:26:08]}
55. Rd7+ 
    {[%clk 0:37:44]}
55. ... Kc5 
    {[%clk 0:26:15]}
56. Ra7 
    {[%clk 0:34:11]}
56. ... Kd4 
    {[%clk 0:25:14]}
57. Bd7 
    {[%clk 0:30:39]}
57. ... Nd6 
    {[%clk 0:22:56]}
58. Bg4 
    {[%clk 0:28:35]}
1/2-1/2

[Event "N1 Reykjavik Open 2014"]
[Site "Reykjavik, Iceland"]
[Date "2014.03.09"]
[Round "7.10"]
[White "Molner, Mackenzie"]
[Black "Tania, Sachdev"]
[Result "1/2-1/2"]
[WhiteElo "2528"]
[BlackElo "2423"]
[LiveChessVersion "1.4.2"]

1. Nf3 
    {[%clk 1:30:41]}
1. ... Nf6 
    {[%clk 1:30:45]}
2. c4 
    {[%clk 1:30:59]}
2. ... e6 
    {[%clk 1:31:07]}
3. d4 
    {[%clk 1:30:03]}
3. ... b6 
    {[%clk 1:31:30]}
4. g3 
    {[%clk 1:30:23]}
4. ... Bb7 
    {[%clk 1:31:56]}
5. Bg2 
    {[%clk 1:30:42]}
5. ... Be7 
    {[%clk 1:32:22]}
6. O-O 
    {[%clk 1:30:56]}
6. ... O-O 
    {[%clk 1:32:43]}
7. Re1 
    {[%clk 1:31:01]}
7. ... Na6 
    {[%clk 1:33:06]}
8. Nc3 
    {[%clk 1:20:58]}
8. ... Ne4 
    {[%clk 1:33:01]}
9. Nxe4 
    {[%clk 1:18:00]}
9. ... Bxe4 
    {[%clk 1:33:27]}
10. Ne5 
    {[%clk 1:17:23]}
10. ... Bxg2 
    {[%clk 1:33:50]}
11. Kxg2 
    {[%clk 1:17:49]}
11. ... c5 
    {[%clk 1:31:57]}
12. d5 
    {[%clk 1:17:17]}
12. ... Qc7 
    {[%clk 1:30:45]}
13. Nf3 
    {[%clk 1:12:06]}
13. ... exd5 
    {[%clk 1:30:54]}
14. Qxd5 
    {[%clk 1:09:39]}
14. ... Nb4 
    {[%clk 1:28:56]}
15. Qd1 
    {[%clk 1:05:11]}
15. ... Rad8 
    {[%clk 1:27:18]}
16. a3 
    {[%clk 1:00:30]}
16. ... Nc6 
    {[%clk 1:27:11]}
17. Bf4 
    {[%clk 1:00:14]}
17. ... d6 
    {[%clk 1:24:32]}
18. Qd5 
    {[%clk 0:55:22]}
18. ... Bf6 
    {[%clk 1:21:27]}
19. Bg5 
    {[%clk 0:38:26]}
19. ... Bxg5 
    {[%clk 1:19:41]}
20. Qxg5 
    {[%clk 0:35:23]}
20. ... Ne5 
    {[%clk 1:15:47]}
21. Qf4 
    {[%clk 0:35:26]}
21. ... Qc6 
    {[%clk 1:11:46]}
22. Rad1 
    {[%clk 0:34:37]}
22. ... Qa4 
    {[%clk 1:01:57]}
23. Rc1 
    {[%clk 0:29:18]}
23. ... Qb3 
    {[%clk 0:55:01]}
24. Nxe5 
    {[%clk 0:22:25]}
24. ... dxe5 
    {[%clk 0:55:29]}
25. Qxe5 
    {[%clk 0:22:46]}
25. ... Rd2 
    {[%clk 0:55:38]}
26. Qe7 
    {[%clk 0:19:29]}
26. ... a5 
    {[%clk 0:53:15]}
27. Rc3 
    {[%clk 0:12:51]}
27. ... Qxb2 
    {[%clk 0:53:14]}
28. Qe3 
    {[%clk 0:13:13]}
28. ... a4 
    {[%clk 0:46:06]}
29. Rd3 
    {[%clk 0:12:46]}
29. ... Rc2 
    {[%clk 0:34:01]}
30. Qe4 
    {[%clk 0:10:37]}
30. ... Qa2 
    {[%clk 0:29:24]}
31. Qe7 
    {[%clk 0:10:43]}
31. ... g6 
    {[%clk 0:28:42]}
32. Rd8 
    {[%clk 0:10:48]}
32. ... Rxd8 
    {[%clk 0:29:08]}
33. Qxd8+ 
    {[%clk 0:11:14]}
33. ... Kg7 
    {[%clk 0:29:35]}
34. Qxb6 
    {[%clk 0:06:18]}
34. ... Qxa3 
    {[%clk 0:27:33]}
35. Qd6 
    {[%clk 0:01:29]}
35. ... Qc3 
    {[%clk 0:07:19]}
36. Qxc5 
    {[%clk 0:01:50]}
36. ... Qxe1 
    {[%clk 0:05:34]}
37. Qd4+ 
    {[%clk 0:02:10]}
37. ... Kf8 
    {[%clk 0:05:38]}
38. Qd8+ 
    {[%clk 0:02:35]}
38. ... Kg7 
    {[%clk 0:06:04]}
39. Qd4+ 
    {[%clk 0:03:01]}
39. ... Kf8 
    {[%clk 0:06:25]}
40. Qd8+ 
    {[%clk 0:33:21]}
1/2-1/2

[Event "N1 Reykjavik Open 2014"]
[Site "Reykjavik, Iceland"]
[Date "2014.03.09"]
[Round "7.11"]
[White "Gretarsson, Hjorvar Steinn"]
[Black "Bagi, Mate"]
[Result "1/2-1/2"]
[WhiteElo "2511"]
[BlackElo "2385"]
[LiveChessVersion "1.4.2"]

1. d4 
    {[%clk 1:30:28]}
1. ... Nf6 
    {[%clk 1:30:45]}
2. c4 
    {[%clk 1:30:53]}
2. ... g6 
    {[%clk 1:30:58]}
3. f3 
    {[%clk 1:30:58]}
3. ... d5 
    {[%clk 1:30:57]}
4. cxd5 
    {[%clk 1:31:23]}
4. ... Nxd5 
    {[%clk 1:31:22]}
5. e4 
    {[%clk 1:31:49]}
5. ... Nb6 
    {[%clk 1:31:37]}
6. Nc3 
    {[%clk 1:32:15]}
6. ... Bg7 
    {[%clk 1:31:40]}
7. Be3 
    {[%clk 1:32:39]}
7. ... O-O 
    {[%clk 1:31:11]}
8. Qd2 
    {[%clk 1:32:56]}
8. ... Nc6 
    {[%clk 1:31:00]}
9. O-O-O 
    {[%clk 1:33:10]}
9. ... Qd6 
    {[%clk 1:28:57]}
10. Nb5 
    {[%clk 1:32:55]}
10. ... Qd7 
    {[%clk 1:28:07]}
11. Kb1 
    {[%clk 1:33:16]}
11. ... a6 
    {[%clk 1:25:54]}
12. Na3 
    {[%clk 1:32:53]}
12. ... e5 
    {[%clk 1:16:58]}
13. d5 
    {[%clk 1:29:00]}
13. ... Nd4 
    {[%clk 1:16:50]}
14. f4 
    {[%clk 1:24:59]}
14. ... c5 
    {[%clk 1:12:53]}
15. fxe5 
    {[%clk 1:03:36]}
15. ... Bxe5 
    {[%clk 1:11:18]}
16. Nf3 
    {[%clk 1:03:53]}
16. ... Nxf3 
    {[%clk 1:10:21]}
17. gxf3 
    {[%clk 1:03:42]}
17. ... Na4 
    {[%clk 1:08:17]}
18. Nc4 
    {[%clk 1:03:33]}
18. ... Bh8 
    {[%clk 1:04:09]}
19. f4 
    {[%clk 1:00:18]}
19. ... b5 
    {[%clk 0:56:56]}
20. Ne5 
    {[%clk 0:58:55]}
20. ... Qd6 
    {[%clk 0:53:30]}
21. Bg2 
    {[%clk 0:48:29]}
21. ... f5 
    {[%clk 0:48:58]}
22. b3 
    {[%clk 0:42:14]}
22. ... Rb8 
    {[%clk 0:46:35]}
23. Rc1 
    {[%clk 0:37:03]}
23. ... fxe4 
    {[%clk 0:43:38]}
24. bxa4 
    {[%clk 0:33:18]}
24. ... bxa4+ 
    {[%clk 0:41:01]}
25. Ka1 
    {[%clk 0:32:43]}
25. ... Re8 
    {[%clk 0:36:21]}
26. Rc3 
    {[%clk 0:30:32]}
26. ... Rxe5 
    {[%clk 0:29:26]}
27. fxe5 
    {[%clk 0:29:14]}
27. ... Qxe5 
    {[%clk 0:28:34]}
28. Rc1 
    {[%clk 0:28:23]}
28. ... Rb4 
    {[%clk 0:25:28]}
29. Bf1 
    {[%clk 0:24:37]}
29. ... Qd6 
    {[%clk 0:14:52]}
30. Rc2 
    {[%clk 0:14:47]}
30. ... a3 
    {[%clk 0:14:23]}
31. Be2 
    {[%clk 0:11:58]}
31. ... Bd7 
    {[%clk 0:09:37]}
32. Rc1 
    {[%clk 0:07:34]}
32. ... Rb2 
    {[%clk 0:09:22]}
33. Qd1 
    {[%clk 0:07:00]}
33. ... Qxh2 
    {[%clk 0:08:01]}
34. d6 
    {[%clk 0:04:08]}
34. ... Be6 
    {[%clk 0:07:03]}
35. Qa4 
    {[%clk 0:02:58]}
35. ... Rxa2+ 
    {[%clk 0:04:40]}
36. Kb1 
    {[%clk 0:03:27]}
36. ... Rb2+ 
    {[%clk 0:04:23]}
37. Ka1 
    {[%clk 0:03:55]}
37. ... Ra2+ 
    {[%clk 0:03:49]}
38. Kb1 
    {[%clk 0:04:23]}
38. ... Rb2+ 
    {[%clk 0:04:13]}
39. Ka1 
    {[%clk 0:04:50]}
39. ... Ra2+ 
    {[%clk 0:00:49]}
1/2-1/2

[Event "N1 Reykjavik Open 2014"]
[Site "Reykjavik, Iceland"]
[Date "2014.03.09"]
[Round "7.12"]
[White "Olafsson, Helgi"]
[Black "Norowitz, Yaacov"]
[Result "1-0"]
[WhiteElo "2546"]
[BlackElo "2430"]
[EventDate "2014.??.??"]
[Annotator "peturla"]
[PlyCount "79"]
[TimeControl "6000+625"]
[WhiteClock "0:39:52"]
[BlackClock "0:07:23"]

1. d4 Nf6 2. c4 e6 3. Nc3 Bb4 4. Qc2 Nc6 5. Nf3 d6 6. a3 Bxc3+ 7. Qxc3 Qe7
8. g3 e5 9. Bg2 Bg4 10. dxe5 dxe5 11. Be3 O-O-O 12. O-O Rhe8 13. Rfe1 Qd7 
14. b4 Nd4 15. Qb2 Bxf3 16. exf3 Qf5 17. Bxd4 exd4 18. Rxe8 Nxe8 19. Rd1 
d3 20. Qc3 Nf6 21. Rd2 c6 22. h4 h6 23. a4 g5 24. hxg5 hxg5 25. a5 g4 26. 
fxg4 Nxg4 27. Bh3 Qe6 28. Rxd3 Rxd3 29. Qxd3 f5 30. Kg2 Kc7 31. Qd4 b6 32.
 Qg7+ Kd6 33. Qd4+ Kc7 34. a6 Ne5 35. Qf4 Kd6 36. Bxf5 Qxc4 37. Qh6+ Ke7 
38. Qg7+ Nf7 39. Bg6 Qd5+ 40. Kg1 1-0

[Event "N1 Reykjavik Open 2014"]
[Site "Reykjavik, Iceland"]
[Date "2014.03.09"]
[Round "7.13"]
[White "Colovic, Aleksandar"]
[Black "Cawdery, Daniel"]
[Result "0-1"]
[WhiteElo "2493"]
[BlackElo "2362"]
[LiveChessVersion "1.4.2"]

1. d4 
    {[%clk 1:30:49]}
1. ... Nf6 
    {[%clk 1:30:53]}
2. c4 
    {[%clk 1:30:56]}
2. ... g6 
    {[%clk 1:31:18]}
3. Nc3 
    {[%clk 1:31:06]}
3. ... d5 
    {[%clk 1:31:43]}
4. cxd5 
    {[%clk 1:30:55]}
4. ... Nxd5 
    {[%clk 1:31:43]}
5. Bd2 
    {[%clk 1:31:18]}
5. ... Nb6 
    {[%clk 1:31:51]}
6. Nf3 
    {[%clk 1:30:44]}
6. ... Bg7 
    {[%clk 1:32:17]}
7. e3 
    {[%clk 1:31:08]}
7. ... O-O 
    {[%clk 1:30:49]}
8. b4 
    {[%clk 1:31:29]}
8. ... c6 
    {[%clk 1:24:31]}
9. a4 
    {[%clk 1:24:49]}
9. ... Bg4 
    {[%clk 1:15:05]}
10. h3 
    {[%clk 1:10:04]}
10. ... Bxf3 
    {[%clk 1:15:00]}
11. Qxf3 
    {[%clk 1:10:32]}
11. ... e5 
    {[%clk 1:15:24]}
12. dxe5 
    {[%clk 1:10:59]}
12. ... N8d7 
    {[%clk 1:15:25]}
13. e6 
    {[%clk 1:05:55]}
13. ... fxe6 
    {[%clk 1:14:51]}
14. Qe4 
    {[%clk 1:01:54]}
14. ... Qf6 
    {[%clk 1:11:31]}
15. f3 
    {[%clk 1:01:19]}
15. ... Qxc3 
    {[%clk 1:10:48]}
16. Bxc3 
    {[%clk 1:01:47]}
16. ... Bxc3+ 
    {[%clk 1:11:11]}
17. Kf2 
    {[%clk 1:02:16]}
17. ... Bxa1 
    {[%clk 1:11:30]}
18. a5 
    {[%clk 1:02:41]}
18. ... Nd5 
    {[%clk 0:51:33]}
19. Bc4 
    {[%clk 1:02:35]}
19. ... Be5 
    {[%clk 0:50:54]}
20. h4 
    {[%clk 1:00:12]}
20. ... N7f6 
    {[%clk 0:50:49]}
21. Qb1 
    {[%clk 0:55:47]}
21. ... Ng4+ 
    {[%clk 0:49:21]}
22. Kg1 
    {[%clk 0:56:16]}
22. ... Ngxe3 
    {[%clk 0:49:26]}
23. Bd3 
    {[%clk 0:56:45]}
23. ... Rad8 
    {[%clk 0:45:30]}
24. Bxg6 
    {[%clk 0:53:56]}
24. ... Nc3 
    {[%clk 0:45:32]}
25. Bxh7+ 
    {[%clk 0:54:21]}
25. ... Kh8 
    {[%clk 0:45:54]}
26. Qg6 
    {[%clk 0:53:49]}
26. ... Rd1+ 
    {[%clk 0:46:04]}
27. Kf2 
    {[%clk 0:54:18]}
27. ... Rd2+ 
    {[%clk 0:46:26]}
28. Kg1 
    {[%clk 0:54:12]}
28. ... Ne2+ 
    {[%clk 0:46:31]}
29. Kf2 
    {[%clk 0:54:35]}
29. ... Nf4+ 
    {[%clk 0:46:59]}
0-1

[Event "N1 Reykjavik Open 2014"]
[Site "Reykjavik, Iceland"]
[Date "2014.03.09"]
[Round "7.14"]
[White "Ezat, Mohamed"]
[Black "Krush, Irina"]
[Result "1-0"]
[WhiteElo "2439"]
[BlackElo "2490"]
[LiveChessVersion "1.4.2"]

1. d4 
    {[%clk 1:25:43]}
1. ... g6 
    {[%clk 1:16:21]}
2. c4 
    {[%clk 1:19:58]}
2. ... Bg7 
    {[%clk 1:15:57]}
3. e4 
    {[%clk 1:20:16]}
3. ... d6 
    {[%clk 1:16:17]}
4. Nc3 
    {[%clk 1:20:37]}
4. ... e5 
    {[%clk 1:15:58]}
5. dxe5 
    {[%clk 1:20:59]}
5. ... dxe5 
    {[%clk 1:15:37]}
6. Qxd8+ 
    {[%clk 1:21:25]}
6. ... Kxd8 
    {[%clk 1:15:56]}
7. f4 
    {[%clk 1:21:52]}
7. ... Be6 
    {[%clk 1:15:41]}
8. Nf3 
    {[%clk 1:19:23]}
8. ... Nd7 
    {[%clk 1:13:03]}
9. Be2 
    {[%clk 1:01:53]}
9. ... exf4 
    {[%clk 1:03:03]}
10. Bxf4 
    {[%clk 1:01:39]}
10. ... Bxc3+ 
    {[%clk 1:03:14]}
11. bxc3 
    {[%clk 1:02:05]}
11. ... Ngf6 
    {[%clk 1:03:33]}
12. Ng5 
    {[%clk 0:59:48]}
12. ... Re8 
    {[%clk 0:48:24]}
13. O-O 
    {[%clk 0:46:39]}
13. ... Kc8 
    {[%clk 0:39:25]}
14. e5 
    {[%clk 0:38:42]}
14. ... Bf5 
    {[%clk 0:23:50]}
15. exf6 
    {[%clk 0:33:14]}
15. ... Rxe2 
    {[%clk 0:24:03]}
16. Rae1 
    {[%clk 0:33:32]}
16. ... Rxe1 
    {[%clk 0:22:47]}
17. Rxe1 
    {[%clk 0:33:59]}
17. ... Nxf6 
    {[%clk 0:07:12]}
18. Re7 
    {[%clk 0:23:42]}
18. ... Bd7 
    {[%clk 0:06:55]}
19. Rxf7 
    {[%clk 0:24:02]}
19. ... Ne8 
    {[%clk 0:07:14]}
20. Nxh7 
    {[%clk 0:23:40]}
20. ... a5 
    {[%clk 0:06:06]}
21. Nf8 
    {[%clk 0:23:38]}
21. ... Ba4 
    {[%clk 0:04:37]}
22. Nxg6 
    {[%clk 0:23:48]}
22. ... Ra6 
    {[%clk 0:04:52]}
23. Ne7+ 
    {[%clk 0:23:08]}
23. ... Kb8 
    {[%clk 0:02:32]}
24. Nd5 
    {[%clk 0:23:31]}
24. ... Rc6 
    {[%clk 0:02:36]}
25. Rf8 
    {[%clk 0:23:51]}
25. ... Rxc4 
    {[%clk 0:02:48]}
26. Nb6 
    {[%clk 0:24:06]}
1-0

[Event "N1 Reykjavik Open 2014"]
[Site "Reykjavik, Iceland"]
[Date "2014.03.09"]
[Round "7.15"]
[White "Thorhallsson, Throstur"]
[Black "Harika, Dronavalli"]
[Result "1/2-1/2"]
[WhiteElo "2435"]
[BlackElo "2487"]
[LiveChessVersion "1.4.2"]

1. e4 e6 2. d4 d5 3. Nc3 Bb4 4. exd5 exd5 5. Bd3 c6 6. Ne2 Ne7 7. Bg5 Qc7 
8. Qd2 h6 9. Bf4 Bd6 10. O-O-O Be6 11. Bxd6 Qxd6 12. Nf4 Nd7 13. Rhe1 
O-O-O 14. Nxe6 fxe6 15. Qe3 Nf8 16. Qh3 Qf4+ 17. Rd2 g5 18. Re3 g4 19. Qh5
Nf5 20. Bxf5 Qxf5 21. Qxf5 exf5 22. Ne2 Ng6 23. Re6 Rhg8 24. Ng3 Nh4 25. 
Rxh6 Rh8 26. Rf6 Rdf8 27. Rxf8+ Rxf8 28. Re2 Nxg2 29. Re7 Nh4 30. Rh7 Nf3 
31. c3 f4 32. Ne2 Ng5 33. Rg7 Nh3 34. Rxg4 Nxf2 35. Rg1 f3 36. Ng3 Rh8 37.
 Nf1 Re8 38. Ng3 Ng4 39. Rf1 Nxh2 40. Rf2 Rh8 41. Nf1 Nxf1 42. Rxf1 Rh3 
43. Kd2 Rh2+ 44. Kc1 Rh3 45. Kd2 1/2-1/2